| 000 | 01585nam0a2200361 4500 | ||
|---|---|---|---|
| 001 | RU\NLR\BIBL_A\012391468 | ||
| 005 | 20220808113706.0 | ||
| 010 |
_a978-5-04-106107-4 _93000 |
||
| 021 |
_aRU _bКН-П-20-041631 _9КН-П-20-3164 |
||
| 035 | _a(NLR Aleph) 012391468 | ||
| 090 |
_a11678622 _c11678622 |
||
| 100 | _a20201029d2020 u y0rusy50 ca | ||
| 101 | 1 |
_arus _ceng |
|
| 102 | _aRU | ||
| 105 | _aa z |000z | ||
| 181 | 0 |
_ai _baxxe |
|
| 182 | 0 | _an | |
| 200 | 1 |
_aКакого цвета ваш парашют? _eлегендарное руководство для тех, кто экстренно ищет работу _fРичард Боллс _g[перевод с английского А. Д. Сайфуллиной] |
|
| 203 |
_aТекст _bвизуальный _cнепосредственный |
||
| 210 |
_aМосква _cБомбора _cЭксмо _d2020 |
||
| 215 |
_a368 с. _cил. _d25 |
||
| 225 | 1 | _aКниги-драйверы | |
| 300 | _aНа 363-й с. авт.: Дик Боллс - официально известен как Ричард Нельсон Боллс | ||
| 320 | _aАлф. указ.: с. 364-368 | ||
| 333 | _a16+ | ||
| 606 | 1 |
_aТрудоустройство _xСоциально-психологические исследования _92183400 _3RU\NLR\AUTH\661312847 |
|
| 686 | 1 | _aС550.44 | |
| 700 | 1 |
_7ca _8rus _aБоллс _bР. Н. _f1927-2017 _gРичард Нельсон _9223196 _3RU\NLR\AUTH\770223252 |
|
| 942 | _cBOOK | ||
| 980 | _aNBR | ||
| 980 | _aNB | ||